| 000 | 00418cam a2200157ua 4500 | ||
|---|---|---|---|
| 041 |
_aeng _h |
||
| 082 |
_a533.62 _bEHP/SP |
||
| 100 | _aEhricke, Krafft A . | ||
| 245 |
_aSpace flight: Principles of guided missile design / _cKrafft A Ehricke. _hTextual Documents |
||
| 250 |
_a1 / _b. |
||
| 260 |
_aToronto : _bD Van nostrand co , _c1962. |
||
| 300 | _a1210 ; . | ||
| 504 | _a | ||
| 942 | _cBK | ||
| 999 |
_c7527 _d7527 |
||